| 000 | 00337nam a2200133Ia 4500 | ||
|---|---|---|---|
| 008 | 220613s9999||||xx |||||||||||||| ||und|| | ||
| 100 | _aRobin R Preston | ||
| 245 | 0 | _aLippincotts Illustrated Reviews Physiology | |
| 250 | _a1st(2013) | ||
| 260 | _bLippincott Williams & Wilkins | ||
| 300 | _a518 | ||
| 650 | _aPhysiology | ||
| 942 | _cPREC | ||
| 999 |
_c9845 _d9845 |
||